Seguridad e higiene del trabajo: técnicas de prevención de riesgos laborales (Registro nro. 1060)

Detalles MARC
000 -Cabecera
Campo de control de longitud fija 00906aam a2200313 4500
005 - Fecha y hora de la última transacción
Campo de control 20250929093807.0
008 - Elementos de longitud fija--Información general
Campo de control de longitud fija 150406b2001 xxu||||| |||| 00| 0 spa d
020 ## - International Standard Book Number
Número Internacional Estándar del Libro (ISBN) 970150285X
041 ## - Idioma
Código de idioma Español
082 ## - Clasificación Decimal Dewey
Número de clasificación 613.62 C828s3
100 ## - Entrada principal--Autor personal
Nombre personal Cortés Días, José María
9 (RLIN) 22557
245 ## - Título propiamente dicho
Título Seguridad e higiene del trabajo: técnicas de prevención de riesgos laborales
250 ## - Edición
Mención de edición 3 edición
260 ## - Pie de imprenta
Lugar de publicación, distribución, etc. México
260 ## - Pie de imprenta
Nombre del editor, distribuidor, etc. Alfaomega
260 ## - Pie de imprenta
Fecha de publicación, distribución, etc. 2001
300 ## - Descripción física
Extensión 631 páginas
490 ## - Serie
Título de la Serie Dirección de Educación Comunitaria y Asistencia Técnica
490 ## - Serie
Título de la Serie Temática General
650 ## - Materia general
Temática (materia general) SALUD OCUPACIONAL
650 ## - Materia general
Temática (materia general) SEGURIDAD OCUPACIONAL
650 ## - Materia general
Temática (materia general) SEGURIDAD INDUSTRIAL
650 ## - Materia general
Temática (materia general) RIESGOS LABORALES
650 ## - Materia general
Temática (materia general) ACCIDENTES DEL TRABAJO
650 ## - Materia general
Temática (materia general) TÉCNICAS DE SEGURIDAD
650 ## - Materia general
Temática (materia general) ERGONOMÍA
650 ## - Materia general
Temática (materia general) MEDICINA DEL TRABAJO
942 ## - Punto de acceso adicional KOHA
Tipo de ítem KOHA Libro
Fuente del sistema de clasificación o colocación Dewey Decimal Classification
Existencias
Signatura completa Código de barras Programa Académico Tipo de ítem
613.62 C828s3 8521   Libro